Historický vývoj hlavných migračných tokov

Historický prehľad migrácie. Spoločné charakteristiky jednotlivých migračných vĺn a ich hlavné príčiny. Analýza príčin migrácie.

Salvato in:
Dettagli Bibliografici
Autore principale: Kučerová, Irah
Natura: Capitolo di libro
Lingua:inglese
Soggetti:
Tags: Aggiungi Tag
Nessun Tag, puoi essere il primo ad aggiungerne!!

MARC

LEADER 00000naa a2200000 4500
001 0282757
005 20240417075159.5
041 0 |a eng 
044 |a SK 
245 1 0 |a Historický vývoj hlavných migračných tokov  |c Irah Kučerová 
520 |a Historický prehľad migrácie. Spoločné charakteristiky jednotlivých migračných vĺn a ich hlavné príčiny. Analýza príčin migrácie. 
610 2 0 |a migrácia 
610 2 0 |a utečenci 
610 2 0 |a politika 
610 2 0 |a história 
610 2 0 |a výskum 
100 1 |a Kučerová, Irah